00265nam a2200109Ia 4500008004100000020001500041100002200056245003200078250000800110260002900118300000800147211105s9999 xx 000 0 und d aVYASA15465 aGiridhar Sharmana 0aVaiyakaranasiddanthakoumudi a5th bMotilal banarsidass c\N a712